Affrontez l'Alphabet #35 (spécial films) - Statistiques

Statistiques générales
  • Ce quiz a été pris 99 fois
  • Le résultat moyen est 8 sur 11
Statistiques - réponses
Hint Réponse % Correct
Donne les 2 lettres manquantes dans le titre du film en extrait : GO_ _ ILLA
DZ
100%
Donne les 2 lettres manquantes dans le titre du film en extrait : PETITS MEURTRES ENTRE _M_S
AI
99%
Donne les 2 lettres manquantes dans le titre du film en extrait : C_OC-_LANC
RB
91%
Donne les 2 lettres manquantes dans le titre du film en extrait : LA L_ _ON DE PIANO
EC
75%
Donne les 2 lettres manquantes dans le titre du film en extrait : TA_O_S AIGUILLES
LN
74%
Donne les 2 lettres manquantes dans le titre du film en extrait : _ _OST
GH
67%
Donne les 2 lettres manquantes dans le titre du film en extrait : _PACE _AM
SJ
64%
Donne les 2 lettres manquantes dans le titre du film en extrait : LA REINE MARG_ _
OT
61%
Donne les 2 lettres manquantes dans le titre du film en extrait : CO_ _LOTS
MP
47%
Donne les 2 lettres manquantes dans le titre du film en extrait : PA_BAC_
YK
38%
Dernière Question : Donne la lettre dans le titre du film en extrait : ERIN BROCKO_ICH, SEULE CONTRE TOUS
V
37%
Aucun quiz correspondant
Distribution des résultats
% des personnes avec chaque résultat
Percentile par nombre de réponses
Votre historique - résultats
Vous n’avez pas pris ce quiz